Кинетика накопления запасенной энергии в щелочногалоидных кристаллах после облучения протонами; Известия вузов. Физика; № 4

書誌詳細
Parent link:Известия вузов. Физика=Russian Physics Journal.— , 1958-2017, 2020-.— 0021-3411
№ 4.— 1966.— С. 163-165
その他の著者: Завадовская Е. К. Екатерина Константиновна, Кузьмина А. В., Головчанский Е. М., Вахромеев В. Г.
言語:ロシア語
出版事項: 1966
主題:
フォーマット: MixedMaterials 図書の章
KOHA link:https://koha.lib.tpu.ru/cgi-bin/koha/opac-detail.pl?biblionumber=591022

MARC

LEADER 00000naa2a2200000 4500
001 591022
005 20231101131636.0
035 |a (RuTPU)RU\TPU\tpu\832 
035 |a TPU00000832 
090 |a 591022 
100 |a 20011210a1966 k y0rusy50 ca 
101 0 |a rus 
102 |a RU 
200 1 |a Кинетика накопления запасенной энергии в щелочногалоидных кристаллах после облучения протонами  |f Е. К. Завадовская, А. В. Кузьмина, Е. М. Головчанский [и др.] 
320 |a Библиогр.: 7 назв. 
461 |0 (RuTPU)RU\TPU\prd\191  |x 0021-3411  |t Известия вузов. Физика  |l Russian Physics Journal  |d 1958-2017, 2020- 
463 |0 (RuTPU)RU\TPU\prd\76665  |t № 4  |v С. 163-165  |d 1966 
610 1 |a физика 
610 1 |a щелочногалоидные кристаллы 
610 1 |a запасенная энергия 
610 1 |a протоны 
610 1 |a облучение 
610 1 |a труды учёных ТПУ 
701 1 |a Завадовская  |b Е. К.  |c российский физик  |c профессор кафедры физики твердого тела Томского политехнического института  |f 1913-2004  |g Екатерина Константиновна  |2 stltpush  |3 (RuTPU)RU\TPU\pers\19787 
701 1 |a Кузьмина  |b А. В. 
701 1 |a Головчанский  |b Е. М. 
701 1 |a Вахромеев  |b В. Г. 
801 0 |a RU  |b 63413507  |c 20011210  |g PSBO 
801 2 |a RU  |b 63413507  |c 20220708  |g PSBO 
942 |c BK